Name the Countries Along the Line - Statistics

General Stats
  • This quiz has been taken 1,158 times
    726 since last reset
  • The average score is 16 of 26
Answer Stats
Country % Correct
China
92%
Russia
91%
India
85%
Pakistan
74%
Thailand
69%
Afghanistan
68%
Vietnam
68%
Laos
67%
Myanmar
66%
Nepal
66%
Cambodia
64%
Turkmenistan
63%
Uzbekistan
63%
Bhutan
61%
Tajikistan
61%
Bangladesh
60%
Italy
60%
Georgia
58%
Azerbaijan
57%
Spain
55%
Bulgaria
50%
Serbia
49%
Albania
42%
Kosovo
39%
North Macedonia
39%
Montenegro
37%
No matching quizzes found
Score Distribution
Percent of People with Each Score
Percentile by Number Answered
Your Score History
You have not taken this quiz since the last reset